| 000 | 00851nam a2200253 i 4500 | ||
|---|---|---|---|
| 001 | C2-0301334 | ||
| 003 | PPAK | ||
| 005 | 20180728082644.0 | ||
| 008 | 091209s2009 my a|||| ||||| | zxx d | ||
| 020 | _a9789834504380 | ||
| 040 |
_aPPAK _beng _cPPAK _erda |
||
| 082 | 0 | 4 |
_a499.23321927 _223 |
| 090 | 0 | 0 |
_a499.23321927 _bOTH _dRK |
| 100 | 0 |
_aOthman Puteh, _eauthor |
|
| 245 | 1 | 0 |
_aKamus bergambar generasi baharu KBSR : _bbahasa Malaysia-Jawi-bahasa Arab-bahasa Inggeris |
| 264 | 1 |
_aShah Alam, Selangor : _bOxford Fajar , _c2009 |
|
| 300 |
_aviii, 176 pages : _bcolour illustrations ; _c26 cm |
||
| 336 |
_2rdacontent _atext |
||
| 337 |
_2rdamedia _aunmediated |
||
| 338 |
_2rdacarrier _avolume |
||
| 650 | 1 | 0 | _aPicture dictionaries, Malay. ; Picture dictionaries, English. ; Picture dictionaries, Arabic. |
| 700 | _eauthor | ||
| 942 |
_ddc _cB |
||
| 999 |
_c105127 _d105127 |
||